000
00450nam a2200145Ia 4500
008
100204s9999 xx 000 0 und d
082
_b
66
100
_a
शेंडे. ना. रा.
245
_a
तांबडा उगड !
260
_b
"सुनील प्रकाशन , नागपूर"
_c
"1977,2"
300
_a
134
630
_a
तांबडा उगड !
730
_a
तांबडा उगड !
942
_c
BOOK
999
_c
445263
_d
445260